Remote energy monitoring and profiling system / (Record no. 188976)

000 -LEADER
fixed length control field 00803 a2200193 4500
003 - CONTROL NUMBER IDENTIFIER
control field NUST
005 - DATE AND TIME OF LATEST TRANSACTION
control field 20251124162225.0
040 ## - CATALOGING SOURCE
Transcribing agency Nust
082 ## - DEWEY DECIMAL CLASSIFICATION NUMBER
Classification number 621.382,MAL
100 ## - MAIN ENTRY--PERSONAL NAME
Personal name Malik, NC Rafia (TCC-19)
9 (RLIN) 132040
245 ## - TITLE STATEMENT
Title Remote energy monitoring and profiling system /
Statement of responsibility, etc. NC Rafia Malik, NC Sanam Rasheed, NC Anam Ajmal and PC Sulaiman Sadiq
260 ## - PUBLICATION, DISTRIBUTION, ETC.
Place of publication, distribution, etc. Rawalpindi
Name of publisher, distributor, etc. MCS (NUST)
Date of publication, distribution, etc. August 2011
300 ## - PHYSICAL DESCRIPTION
Extent xiii, 118 p.;
505 ## - FORMATTED CONTENTS NOTE
Formatted contents note Introduction (Page-1), Literature Review (Page-6), Design and Development (Page-14), Equipment and Circuit Modification (Page-48), Analysis (Page-65), Future Work (Page-74), Conclusion (Page-80), Bibliography (Page-82).
650 ## - SUBJECT ADDED ENTRY--TOPICAL TERM
Topical term or geographic name entry element UG Projects
9 (RLIN) 98716
651 ## - SUBJECT ADDED ENTRY--GEOGRAPHIC NAME
Geographic name TCC-19
9 (RLIN) 106901
700 ## - ADDED ENTRY--PERSONAL NAME
Personal name Supervised by Dr. Adnan Rashdi
9 (RLIN) 132041
942 ## - ADDED ENTRY ELEMENTS (KOHA)
Koha item type Project Report
Source of classification or shelving scheme
Holdings
Withdrawn status Lost status Source of classification or shelving scheme Damaged status Not for loan Permanent Location Current Location Shelving location Date acquired Full call number Barcode Date last seen Price effective from Koha item type Public note
          Military College of Signals (MCS) Military College of Signals (MCS) Reference 12/12/2016 621.382,MAL MCSPTC-132 12/08/2016 12/12/2016 Project Report Almirah No. 94, Shelf No. 3
© 2023 Central Library, National University of Sciences and Technology. All Rights Reserved.